La madre de Dios /

Las páginas de este libro son una recopilación breve de lo que se honra a la madre de Dios. El libro está dividido en tres partes, en la primera se encuentran los textos de la Biblia que se refieren directamente a María; en la segunda lo que nos enseña la tradición; y en la última, las principales d...

Повний опис

Збережено в:
Бібліографічні деталі
Автор: Alvear, Miguel A. (autor)
Формат: Книга
Мова:Іспанська
Опубліковано: Buenos Aires, Argentina : Difusión, 1945, c1945
Редагування:3a edición
Предмети:
Теги: Додати тег
Немає тегів, Будьте першим, хто поставить тег для цього запису!

MARC

LEADER 00000nam^a2200000^a^4500
001 000111717
005 20250521000000.0
009 20260310093841.097
037 |a Acervo ITESO - Biblioteca 
041 |a ESP 
082 |a 232. 91  |b ALV 
100 |a Alvear, Miguel A.  |e (autor) 
245 1 3 |a La madre de Dios /  |c M.A. Alvear. 
250 |a 3a edición 
264 4 |a Buenos Aires, Argentina :  |b Difusión,  |c 1945, c1945 
300 |a 182 p. 
336 |a texto  |b txt  |2 rdacontenido 
337 |a sin mediación  |b n  |2 rdamedio 
338 |a volumen  |b nc  |2 rdasoporte 
520 |a Las páginas de este libro son una recopilación breve de lo que se honra a la madre de Dios. El libro está dividido en tres partes, en la primera se encuentran los textos de la Biblia que se refieren directamente a María; en la segunda lo que nos enseña la tradición; y en la última, las principales dificultades que oponen los protestantes. 
649 |a XX 
650 |a Virgen María -  |x Biografías 
650 |a Catolicismo -  |x Historia 
650 |a Cristianismo -  |x Historia 
650 |a Religión -  |x Historia 
650 |a Historia Antigua 
910 |a Fondo Salvador Reynoso Reynoso 
920 |a Impresos - Libros 
930 |a Fondos Especiales 
905 |a 112 
901 |a 0800000938  |b IT2  |c ESP  |u 20250521 
902 |a https://opac.biblio.iteso.mx/vufind/Record/000111717